000 01092nam a2200169Ia 4500
005 20250430134124.0
008 240825s9999 xx 000 0 und d
020 _a9789811209567
082 _a332.0151
_bKIF
100 _aKifer, Yuri
245 0 _aLectures on Mathematical Finance and Related topics
_c/ Kifer, Yuri
260 _bWorld Scientific
_c2019
300 _a344 pages. 21cms
520 _aRigorous mathematical finance relies strongly on two additional fields: optimal stopping and stochastic analysis. This book is the first one which presents not only main results in the mathematical finance but also these 'related topics' with all proofs and in a self-contained form. The book treats both discrete and continuous time mathematical finance. Some topics, such as Israeli (game) contingent claims, and several proofs have not appeared before in a self-contained book form. The book contains exercises with solutions at the end of it and it can be used for a yearlong advanced graduate course for mathematical students.
650 _aMathematical Finance
942 _cENGLISH
999 _c550921
_d550921